Guess The Missing Word From These Ye (Kanye) Songs - Statistics

General Stats
  • This quiz has been taken 34 times
  • The average score is 12 of 15
Answer Stats
Hint Answer % Correct
Lockdown | I _____ Kanye | TRUE Love
100%
Come To | Good | Hell Of A | KEYS TO MY | Of The Party | _____STYLE Life
94%
Believe What I | Heard 'Em | You Will Say
94%
Day | Falls Down | Mine | Of The Lights All
91%
Devil In A New | TAKE OFF YOUR | White Dress
91%
DON’T DIE | Morning | Life | Night Good
91%
All Of The ____s | Flashing ____s | High ____s | Low____s | Street ____s | Ultra____ Beam Light
91%
Saint | _____ Pablo
91%
CITY OF | Follow | I Am A | Is God
88%
Is Lord | Lord | Lord Pt 2 | Walks Jesus
88%
And Hell | Of A Life Heaven
85%
Abandon Your Family | Let Me Down Never
79%
All | New Day
64%
Burn | I Am Everything
55%
EVERYTHING | _____ Burn
36%
No matching quizzes found
Score Distribution
Percent of People with Each Score
Percentile by Number Answered
Your Score History
You have not taken this quiz